00841nam a2200253 a 45000010005000000030008000050050017000130080039000300200015000690350019000840400027001030410008001300820025001381000020001632450064001832600106002473000034003534900040003875040041004276500025004686500031004936500023005248300040005478520BD-RjUL20211208234614.0160901s1977 enka b 001 0 eng a0470992158 a(BD-RjUL) 8565 aDLCcDLCdBD-RjULbeng aeng00a519.23bDAL 19772231 aDavis, M. H. A.10aLinear estimation and stochastic control /cM. H. A. Davis. aLondon ;aNew York :bChapman and Hall ;bWiley : distributed in the U.S.A. by Halsted Press,cc1977. axii, 224 p. :bill. ;c23 cm.0 aChapman and Hall mathematics series aBibliography: p. 216-218 and index.  0aStochastic processes 0aStochastic control theory. 0aEstimation theory. aChapman and Hall mathematics series